000 00307nam a2200121Ia 4500
008 190216s9999||||xx |||||||||||||| ||und||
100 _aStanley Wolpert
245 0 _aNew History Of India
260 _bOxford University Press
_c1982
300 _a472p
650 _aIndian History-Modern India
942 _cBK
999 _c19493
_d19493